Countries By Most Similar Country Name #2 - Statistics

General Stats
  • This quiz has been taken 22 times
  • The average score is 7 of 21
Answer Stats
Country Distance Most Similar Country % Correct
Australia 2 Austria
94%
Niger 2 Nigeria
94%
Zambia 1 Gambia
83%
Paraguay 3 Uruguay
67%
Uganda 2 Rwanda
61%
Kazakhstan 4 Pakistan / Tajikistan
50%
Sweden 3 Sudan / Yemen
50%
Oman 2 Iran
44%
Thailand 3 Swaziland / Taiwan
39%
Belarus 3 Belgium
28%
Laos 3 Gabon / Mali / Samoa
28%
Czech Republic 8 Dominican Republic / Liechtenstein
17%
Greece 3 France
17%
Norway 3 Jordan
17%
Egypt 4 Kenya
17%
Syria 2 Serbia
17%
Bangladesh 5 Barbados
11%
Cameroon 4 Comoros
6%
Senegal 3 Nepal
6%
Madagascar 5 Malaysia
0%
Sierra Leone 6 Singapore
0%
No matching quizzes found
Score Distribution
Percent of People with Each Score
Percentile by Number Answered
Your Score History
You have not taken this quiz